Σχέσεις γονέων και τέκνων κατά το βυζαντινόν δίκαιον μετά συμβολών εις το αρχαίον και το ελληνιστικόν
Αποθηκεύτηκε σε:
| Κύριος συγγραφέας: | |
|---|---|
| Μορφή: | Βιβλίο |
| Γλώσσα: | Greek |
| Δημοσίευση: |
Αθήναι :
Νικ. Α. Σάκκουλα,
1946
|
| Σειρά: | Συμβολαί εις την έρευναν της ιστορίας του ελληνικού και του ρωμαϊκού δικαίου ως και των άλλων δικαίων της αρχαιότητος ;
; 4 |
| Θέματα: | |
| Ετικέτες: |
Προσθήκη ετικέτας
Δεν υπάρχουν, Καταχωρήστε ετικέτα πρώτοι!
|
MARC
| LEADER | 00000cam a2200000 i 4500 | ||
|---|---|---|---|
| 001 | 1/6143 | ||
| 008 | 000610s1946 gre d | ||
| 035 | |l 10061830 | ||
| 040 | |a GR-MY-UA |b gre |e aacr | ||
| 041 | 0 | |a gre | |
| 082 | 0 | |a 340.54 | |
| 100 | 1 | |a Χριστοφιλόπουλος, Αναστάσιος Π., |d 1912-1998. | |
| 245 | 1 | 0 | |a Σχέσεις γονέων και τέκνων κατά το βυζαντινόν δίκαιον μετά συμβολών εις το αρχαίον και το ελληνιστικόν / |c Αναστ. Π. Χριστοφιλόπουλου |
| 260 | |a Αθήναι : |b Νικ. Α. Σάκκουλα, |c 1946 | ||
| 300 | |a 176 σ. | ||
| 490 | 1 | |a Συμβολαί εις την έρευναν της ιστορίας του ελληνικού και του ρωμαϊκού δικαίου ως και των άλλων δικαίων της αρχαιότητος |v ; 4 | |
| 650 | 0 | 0 | |a Inheritance and succession (Byzantine law) |
| 650 | 0 | 0 | |a Inheritance and succession |z Byzantine Empire. |
| 650 | 0 | 0 | |a Law |z Greece. |
| 830 | 0 | |a Συμβολαί εις την έρευναν της ιστορίας του ελληνικού και του ρωμαϊκού δικαίου ως και των άλλων δικαίων της αρχαιότητος ; |v ; 4 | |
| 852 | |a INST |b LESVOS |e 20000610 |h 340.54 ΧΡΙ |p 005100021004 |q 005100021004 |t BK |y 0 | ||
| 901 | |a BIBL1-2000-2 | ||
| 909 | |a Λ |b 044349 | ||
| 970 | |z 2000/06/ΓΕΩΡΓΙΑ | ||